| 000 | 01560nam a2200253Ia 4500 | ||
|---|---|---|---|
| 999 |
_c36232 _d36232 |
||
| 001 | 2135 | ||
| 003 | GE_BSU | ||
| 005 | 20190513154643.0 | ||
| 008 | 181216s2008ge xx |||||||||||||| ||geo|| | ||
| 020 | _a9789941017476 | ||
| 040 | _cGE_BSU | ||
| 041 | _ageo | ||
| 100 |
_aინაიშვილი, ლია _91066 |
||
| 245 |
_aმოსწავლეთა მუსიკალური განათლების პედაგოგიკური საფუძვლები და მათი სრულყოფის ოპტიმალური საშუალებები : _bმონოგრაფია / _cლია ინაიშვილი ; იაკობ გოგებაშვილის სახელობის თელავის სახელმწიფო უნივერსიტეტი ; რედ. ლია მენთეშაშვილი. |
||
| 264 |
_aთელავი, _c2008. |
||
| 300 |
_a203 გვ. _b19 სმ. |
||
| 500 | _aბიბლიოგრ. : გვ. 192–201. | ||
| 520 | _aრეზიუმე ინგლ. | ||
| 653 | _aპედაგოგიკა | ||
| 653 | _aმოსწავლეთა მუსიკალური აღზრდა | ||
| 700 |
_aმენთეშაშვილი, ლ. _eრედაქტორი _91069 |
||
| 710 |
_aიაკობ გოგებაშვილის სახელობის თელავის სახელმწიფო უნივერსიტეტი _91070 |
||
| 942 |
_cBK _2udc |
||